TB. OF DERMATOSURGERY & COSMETOLOGY PRINCIPLES AND PRACTICE (Record no. 18729)

MARC details
000 -LEADER
fixed length control field 00382nam a22001577a 4500
003 - CONTROL NUMBER IDENTIFIER
control field SGT
020 ## - INTERNATIONAL STANDARD BOOK NUMBER
International Standard Book Number 978-93-87496-47-3
082 ## - DEWEY DECIMAL CLASSIFICATION NUMBER
Classification number 616.5
Item number D18S
100 ## - MAIN ENTRY--PERSONAL NAME
Personal name SAVANT, SATISH S.
245 ## - TITLE STATEMENT
Title TB. OF DERMATOSURGERY & COSMETOLOGY PRINCIPLES AND PRACTICE
250 ## - EDITION STATEMENT
Edition statement 3RD
260 ## - PUBLICATION, DISTRIBUTION, ETC. (IMPRINT)
Place of publication, distribution, etc INDIA
Name of publisher, distributor, etc BHALANI PUB
Year of Publication 2018
300 ## - PAGE DESCRIPTION
No. of Pages 1250
650 ## - SUBJECT ADDED ENTRY--TOPICAL TERM
Topical term or geographic name as entry element DERMATOLOGY
942 ## - ADDED ENTRY ELEMENTS (KOHA)
Source of classification or shelving scheme Dewey Decimal Classification
Koha item type Books
Holdings
Withdrawn status Lost status Source of classification or shelving scheme Damaged status Not for loan Collection code Home library Current library Shelving location Date acquired Vendor Name Cost, normal purchase price SGTU Bill Number Total Checkouts Full call number Accession No. (Barcode) Date last seen Bill Date Koha item type
    Dewey Decimal Classification   Not For Loan MEDICAL SGT Medical Library SGT Medical Library Reference Book 03/08/2019 ABC DELHI 6950.00 SGTU 11141   616.5 D18S FM11652 03/08/2019 03/07/2019 Books
    Dewey Decimal Classification   Not For Loan MEDICAL SGT Medical Library SGT Medical Library Reference Book 03/08/2019 ABC DELHI 6950.00 SGTU 11141   616.5 D18S FM11653 25/05/2022 03/07/2019 Books